[Event "EU-ch 16th"]
[Site "Jerusalem"]
[Date "2015.03.04"]
[Round "8"]
[White "Zlotogorsky, Itay"]
[Black "Golubov, Saveliy"]
[Result "0-1"]
[WhiteElo "2033"]
[BlackElo "2362"]
[PlyCount "100"]
[EventDate "2015.02.24"]
[EventType "swiss"]
[EventRounds "11"]
[EventCountry "ISR"]
[SourceTitle "CBM 166"]
[Source "ChessBase"]
[SourceDate "2015.05.11"]
[SourceVersion "1"]
[SourceVersionDate "2015.05.11"]
[SourceQuality "1"]

1. e4 c5 2. g3 Nc6 3. Bg2 g6 4. f4 Bg7 5. d3 d6 6. Nf3 e6 7. 0-0 Nge7 8. c3 0-0 9. Be3 b6 10. Bf2 Ba6 11. Re1 Qc7 12. Na3 b5 13. d4 b4 14. Nc2 bxc3 15. bxc3 cxd4 16. cxd4 Rfc8 17. Rb1 d5 18. Nd2 Bd3 19. exd5 Nxd5 20. Bxd5 exd5 21. Nb3 Bf5 22. Rc1 Qb6 23. Ne3 Be4 24. Ng4 Nb4 25. Rxc8+ Rxc8 26. Nc5 Nxa2 27. Qa4 Nc3 28. Qd7 Qc7 29. Ne5 Qxd7 30. Nexd7 a5 31. Be3 Bf5 32. Ne5 Rb8 33. Bd2 Nb5 34. Bxa5 Nxd4 35. Rd1 Rb5 36. Rxd4 Rxc5 37. Bd2 h5 38. Kf2 Be4 39. Ra4 Rc7 40. h3 Bf8 41. Bb4 Bxb4 42. Rxb4 f6 43. Rxe4 dxe4 44. Nxg6 Kf7 45. f5 Rc3 46. Nf4 Rf3+ 47. Kg2 h4 48. Ne2 Re3 49. Kf2 Rxe2+ 50. Kxe2 hxg3 0-1

[Event "EU-ch 16th"]
[Site "Jerusalem"]
[Date "2015.03.01"]
[Round "5"]
[White "Cohen, Itay"]
[Black "Zlotogorsky, Itay"]
[Result "0-1"]
[WhiteElo "1871"]
[BlackElo "2033"]
[PlyCount "128"]
[EventDate "2015.02.24"]
[EventType "swiss"]
[EventRounds "11"]
[EventCountry "ISR"]
[SourceTitle "CBM 166"]
[Source "ChessBase"]
[SourceDate "2015.05.11"]
[SourceVersion "1"]
[SourceVersionDate "2015.05.11"]
[SourceQuality "1"]

1. e4 d5 2. exd5 Qxd5 3. Nc3 Qd6 4. d3 Nf6 5. Nf3 g6 6. g3 c6 7. Bg2 Bg7 8. 0-0 0-0 9. Bf4 Qb4 10. Qc1 Nd5 11. Nxd5 cxd5 12. c3 Qb6 13. d4 Nd7 14. Re1 e6 15. Re2 Re8 16. Qd2 Nf6 17. Ne5 Bd7 18. Bg5 Bb5 19. Ree1 Qc7 20. h4 h5 21. Bf4 Qe7 22. Bg5 Qf8 23. a4 Bc6 24. b3 Nd7 25. Nxc6 bxc6 26. b4 a5 27. bxa5 Rxa5 28. c4 Rea8 29. cxd5 cxd5 30. Be3 Nb6 31. Bf1 Rxa4 32. Qc3 Nc4 33. Bf4 Ra3 34. Rxa3 Qxa3 35. Qc1 Qb4 36. Be5 Kh7 37. Bxg7 Kxg7 38. Rd1 Ra2 39. Qf4 Qb3 40. Rc1 Kg8 41. Qc7 Qb2 42. Qf4 Ra1 43. Rxa1 Qxa1 44. Kg2 Qa7 45. Bd3 Qe7 46. Qb8+ Kg7 47. Qb5 Qc7 48. Qb4 Qa5 49. Qb3 Nd2 50. Qb2 Nc4 51. Qb3 Nd6 52. Kf3 Qd2 53. Qc2 Qxc2 54. Bxc2 Kf6 55. Ke3 Nf5+ 56. Kd3 g5 57. hxg5+ Kxg5 58. Bd1 Nd6 59. Bf3 h4 60. gxh4+ Kxh4 61. Be2 Kg5 62. Bd1 Kf4 63. Bh5 f6 64. Bd1 Ne4 0-1

[Event "EU-ch 16th"]
[Site "Jerusalem"]
[Date "2015.02.25"]
[Round "2"]
[White "Zlotogorsky, Itay"]
[Black "Iljiushenok, Ilia"]
[Result "0-1"]
[WhiteElo "2033"]
[BlackElo "2450"]
[PlyCount "78"]
[EventDate "2015.02.24"]
[EventType "swiss"]
[EventRounds "11"]
[EventCountry "ISR"]
[SourceTitle "CBM 166"]
[Source "ChessBase"]
[SourceDate "2015.05.11"]
[SourceVersion "1"]
[SourceVersionDate "2015.05.11"]
[SourceQuality "1"]

1. d4 d5 2. Nf3 c5 3. c3 Nf6 4. Bf4 g6 5. e3 Bg7 6. Be2 0-0 7. 0-0 Nbd7 8. Ne5 b6 9. Nd2 Bb7 10. a4 a6 11. h3 Rc8 12. Bf3 e6 13. Qb3 Re8 14. Rfd1 h6 15. Nf1 Ba8 16. Be2 Bb7 17. Bf3 Bf8 18. Nd2 Qe7 19. Kh1 Bg7 20. Nf1 Ra8 21. Kg1 Rec8 22. Bg3 c4 23. Qc2 b5 24. axb5 axb5 25. Nxd7 Nxd7 26. e4 Nb6 27. Ne3 b4 28. Rxa8 Rxa8 29. b3 Ra3 30. Rb1 dxe4 31. Be2 bxc3 32. bxc4 Bxd4 33. Qd1 Bc5 34. Be5 Bc6 35. Rxb6 Bxb6 36. Bd6 Qa7 37. Bxa3 Qxa3 38. Ng4 Ba4 39. Qb1 c2 0-1

[Event "Maccabiah op"]
[Site "Jerusalem"]
[Date "2013.07.28"]
[Round "9"]
[White "Petrovski, Aleksandar"]
[Black "Zlotogorsky, Itay"]
[Result "1/2-1/2"]
[WhiteElo "2226"]
[BlackElo "1942"]
[PlyCount "60"]
[EventDate "2013.07.21"]
[EventType "swiss"]
[EventRounds "9"]
[EventCountry "ISR"]
[SourceTitle "EXT 2014"]
[Source "ChessBase"]
[SourceDate "2013.11.20"]
[SourceVersion "1"]
[SourceVersionDate "2013.11.20"]
[SourceQuality "1"]

1. e4 e5 2. Nf3 Nf6 3. d4 Nxe4 4. Bd3 d5 5. Nxe5 Bd6 6. 0-0 0-0 7. Nd2 Bxe5 8. dxe5 Nc5 9. Qh5 Nxd3 10. cxd3 Qd7 11. h3 Qf5 12. Qxf5 Bxf5 13. d4 c5 14. dxc5 Nd7 15. Nb3 Nxe5 16. Nd4 Bd7 17. Be3 Rac8 18. b4 Rfe8 19. Rfe1 Nc4 20. Bf4 a6 21. f3 f6 22. h4 Rxe1+ 23. Rxe1 Re8 24. Rxe8+ Bxe8 25. Kf2 Ne5 26. Bd2 Bd7 27. f4 Nc6 28. Nxc6 Bxc6 29. Ke3 Kf7 30. Kd4 Ke6 1/2-1/2

[Event "Maccabiah op"]
[Site "Jerusalem"]
[Date "2013.07.25"]
[Round "7"]
[White "Zlotogorsky, Itay"]
[Black "Kumic, Filip"]
[Result "1/2-1/2"]
[WhiteElo "1942"]
[BlackElo "2243"]
[PlyCount "59"]
[EventDate "2013.07.21"]
[EventType "swiss"]
[EventRounds "9"]
[EventCountry "ISR"]
[SourceTitle "EXT 2014"]
[Source "ChessBase"]
[SourceDate "2013.11.20"]
[SourceVersion "1"]
[SourceVersionDate "2013.11.20"]
[SourceQuality "1"]

1. d4 Nf6 2. Nf3 g6 3. c4 Bg7 4. Nc3 0-0 5. e4 d6 6. Be2 e5 7. dxe5 dxe5 8. Qxd8 Rxd8 9. Bg5 Rf8 10. 0-0-0 c6 11. Nxe5 Nxe4 12. Nxe4 Bxe5 13. Nf6+ Kg7 14. Ng4 Bxg4 15. Bxg4 Na6 16. Be7 Rfe8 17. Rd7 Rab8 18. Rhd1 Bf6 19. Bd6 Rbd8 20. Rxb7 Re4 21. Bf3 Rxc4+ 22. Kb1 Rd4 23. Rxd4 Bxd4 24. Bg3 Bb6 25. Bxc6 Rd1+ 26. Kc2 Rd8 27. Kb1 Rd1+ 28. Kc2 Rd8 29. Kb1 Rd1+ 30. Kc2 1/2-1/2

[Event "Maccabiah op"]
[Site "Jerusalem"]
[Date "2013.07.23"]
[Round "4"]
[White "Porat, Hen"]
[Black "Zlotogorsky, Itay"]
[Result "0-1"]
[WhiteElo "1841"]
[BlackElo "1942"]
[PlyCount "100"]
[EventDate "2013.07.21"]
[EventType "swiss"]
[EventRounds "9"]
[EventCountry "ISR"]
[SourceTitle "EXT 2014"]
[Source "ChessBase"]
[SourceDate "2013.11.20"]
[SourceVersion "1"]
[SourceVersionDate "2013.11.20"]
[SourceQuality "1"]

1. e4 e5 2. Nf3 Nf6 3. Nc3 Nc6 4. Bc4 Nxe4 5. Bxf7+ Kxf7 6. Nxe4 d5 7. Neg5+ Kg8 8. d4 h6 9. Nh3 Bg4 10. dxe5 Nxe5 11. Nf4 c6 12. Qe2 Bd6 13. h3 Bxf3 14. gxf3 Qf6 15. Rg1 Kh7 16. Bd2 g5 17. Nh5 Qxf3 18. Bc3 Rhe8 19. Kd1 Qxe2+ 20. Kxe2 Kg6 21. Nf4+ Kf7 22. Nd3 Nxd3+ 23. Kxd3 Re4 24. Rg4 Bf4 25. Bd4 h5 26. Rg2 b6 27. Rag1 Rae8 28. f3 R4e6 29. b4 h4 30. a4 Re1 31. a5 bxa5 32. bxa5 a6 33. Bb6 Bg3 34. Bd4 R8e6 35. Bc5 Kg6 36. Bb6 Kf5 37. Ba7 Kf4 38. Bb8+ Kxf3 39. Rxg3+ hxg3 40. Rxg3+ Kf2 41. Rxg5 R1e4 42. h4 Rc4 43. Rf5+ Kg2 44. h5 Rh4 45. Rg5+ Kf3 46. Rg3+ Kf2 47. Rg5 Re3+ 48. Kd2 Rd4+ 49. Kc1 Re1+ 50. Kb2 Rb4+ 0-1

[Event "Maccabiah op"]
[Site "Jerusalem"]
[Date "2013.07.22"]
[Round "2"]
[White "Slonimskij, Arkadij"]
[Black "Zlotogorsky, Itay"]
[Result "1/2-1/2"]
[WhiteElo "2177"]
[BlackElo "1942"]
[PlyCount "113"]
[EventDate "2013.07.21"]
[EventType "swiss"]
[EventRounds "9"]
[EventCountry "ISR"]
[SourceTitle "EXT 2014"]
[Source "ChessBase"]
[SourceDate "2013.11.20"]
[SourceVersion "1"]
[SourceVersionDate "2013.11.20"]
[SourceQuality "1"]

1. d4 d5 2. c4 c6 3. Nf3 Nf6 4. e3 Bf5 5. Nc3 e6 6. Nh4 Be4 7. f3 Bg6 8. Be2 Nbd7 9. 0-0 Bd6 10. g3 0-0 11. Nxg6 hxg6 12. f4 dxc4 13. Bxc4 c5 14. dxc5 Bxc5 15. Qf3 e5 16. Kh1 exf4 17. gxf4 Re8 18. e4 Nb6 19. Bb3 Nfd7 20. e5 Nf8 21. Ne4 Rc8 22. Ng5 Rc7 23. Be3 Bxe3 24. Qxe3 Nc4 25. Qf2 Qd5+ 26. Kg1 Qd2 27. Ne4 Qxf2+ 28. Rxf2 Ne3 29. Nd6 Ree7 30. Rd2 Ne6 31. Re1 Nf5 32. Bxe6 Rxe6 33. Ne4 f6 34. Rd8+ Kf7 35. Red1 Ke7 36. Nc5 Rec6 37. b4 fxe5 38. fxe5 b6 39. Na6 Rc8 40. R1d7+ Ke6 41. Rxc8 Rxc8 42. Rxa7 Rc2 43. Rb7 Ne3 44. Rxb6+ Kf5 45. h4 g5 46. Rb7 Rg2+ 47. Kh1 gxh4 48. Rf7+ Ke4 49. Nc5+ Kd5 50. Rf3 Re2 51. e6 Nc2 52. Rd3+ Kc4 53. a3 Nxa3 54. Rxa3 Kxb4 55. Ra7 Kxc5 56. Rxg7 Rxe6 57. Rg4 1/2-1/2